| 000 | 00382nam a2200157 a 4500 | ||
|---|---|---|---|
| 001 | 1258 | ||
| 005 | 20140414131924.0 | ||
| 008 | 041206s19uu xx 00 eng d | ||
| 050 |
_aER _bSn6 1996 |
||
| 245 | _aSnowy snowman. | ||
| 260 |
_aNew York: _bTormont, _c1996. |
||
| 300 | _a1 v. p. : ill. ; cm. | ||
| 650 | _aFairy tales. | ||
| 650 | _aChildren stories. | ||
| 999 |
_c111906 _d111906 |
||